000
00301nam a2200157Ia 4500
100
_a
-
650
_a
Handbook
942
_c
BK
366
_f
20
245
_a
Microprocessor data handbook
260
_b
BPB
_c
2003
082
_a
4.16
_b
MIC
300
_a
844
546
_a
ENGLISH
_c
TTL
999
_c
30708
_d
30708